Statistics for Countries that border Saudi Arabia with an empty map

Click here to take the quiz!

General Stats

  • This quiz has been taken 271 times
  • The average score is 8 of 8

Answers on the Map

Answers color-coded by a green-red scale on the quiz's map according to % correct below.
 

Answer Stats

Country% Correct
Yemen
99%
Oman
98%
United Arab Emirates
97%
Qatar
96%
Iraq
95%
Jordan
95%
Kuwait
94%
Kuwait
94%

Score Distribution

Percentile by Number Answered

Percent of People with Each Score

Your Score History

You have not taken this quiz